INTRODUCTION TO LAW OF PARTNERSHIP (Record no. 10263)
[ view plain ]
| 000 -LEADER | |
|---|---|
| fixed length control field | 00338nam a22001457a 4500 |
| 003 - CONTROL NUMBER IDENTIFIER | |
| control field | SGT |
| 020 ## - INTERNATIONAL STANDARD BOOK NUMBER | |
| International Standard Book Number | 9789350280409 |
| 082 ## - DEWEY DECIMAL CLASSIFICATION NUMBER | |
| Classification number | 340,SIN |
| 100 ## - MAIN ENTRY--PERSONAL NAME | |
| Personal name | SINGH AVTAR |
| 245 ## - TITLE STATEMENT | |
| Title | INTRODUCTION TO LAW OF PARTNERSHIP |
| 260 ## - PUBLICATION, DISTRIBUTION, ETC. (IMPRINT) | |
| Place of publication, distribution, etc | LUCKNOW |
| Name of publisher, distributor, etc | EASTERN BOOK COMPANY |
| Year of Publication | 2007 |
| 300 ## - PAGE DESCRIPTION | |
| No. of Pages | 232 |
| 650 ## - SUBJECT ADDED ENTRY--TOPICAL TERM | |
| Topical term or geographic name as entry element | LAW OF PARTNERSHIP |
| 942 ## - ADDED ENTRY ELEMENTS (KOHA) | |
| Source of classification or shelving scheme | Dewey Decimal Classification |
| Koha item type | Books |
| 942 ## - ADDED ENTRY ELEMENTS (KOHA) | |
| -- | 1 |
| Withdrawn status | Lost status | Source of classification or shelving scheme | Damaged status | Not for loan | Collection code | Home library | Current library | Shelving location | Date acquired | Vendor Name | Cost, normal purchase price | SGTU | Bill Number | Total Checkouts | Total Renewals | Full call number | Accession No. (Barcode) | Date last seen | Date last borrowed | Bill Date | Koha item type |
|---|---|---|---|---|---|---|---|---|---|---|---|---|---|---|---|---|---|---|---|---|---|
| Dewey Decimal Classification | LAW | SGT Science & Social Sciences Library | SGT Science & Social Sciences Library | Text Book | 17/12/2016 | SETH AND COMPANY | 210.00 | SGTU | 3124 | 8 | 1 | 340,SIN | FL1510 | 28/09/2024 | 16/09/2024 | 14/12/2016 | Books | ||||
| Dewey Decimal Classification | LAW | SGT Science & Social Sciences Library | SGT Science & Social Sciences Library | Text Book | 17/12/2016 | SETH AND COMPANY | 210.00 | SGTU | 3124 | 7 | 3 | 340,SIN | FL1511 | 27/05/2019 | 13/05/2019 | 14/12/2016 | Books | ||||
| Lost and Paid For | Dewey Decimal Classification | LAW | SGT Science & Social Sciences Library | SGT Science & Social Sciences Library | Text Book | 17/12/2016 | SETH AND COMPANY | 210.00 | SGTU | 3124 | 340,SIN | FL1512 | 17/12/2016 | 14/12/2016 | Books | ||||||
| Dewey Decimal Classification | LAW | SGT Science & Social Sciences Library | SGT Science & Social Sciences Library | Text Book | 17/12/2016 | SETH AND COMPANY | 210.00 | SGTU | 3124 | 8 | 1 | 340,SIN | FL1513 | 27/05/2019 | 08/05/2019 | 14/12/2016 | Books | ||||
| Dewey Decimal Classification | Not For Loan | LAW | SGT Science & Social Sciences Library | SGT Science & Social Sciences Library | Reference Book | 17/12/2016 | SETH AND COMPANY | 210.00 | SGTU | 3124 | 340,SIN | FL1514 | 17/12/2016 | 14/12/2016 | Books |